| 000 | 01494nam a2200265Ia 4500 | ||
|---|---|---|---|
| 999 |
_c49552 _d49552 |
||
| 001 | 16484 | ||
| 003 | GE_BSU | ||
| 005 | 20200131162439.0 | ||
| 008 | 181216s2008||||ge |||||||||||||| ||geo|| | ||
| 040 | _cGE_BSU | ||
| 041 | _ageo | ||
| 080 | _a37.02+159.922.7 შ-88 | ||
| 100 |
_aშტაინერი, რუდოლფ _93841 |
||
| 245 |
_aსწავლების მეთოდიკა და აღზრდის სასიცოცხლო პირობები : _bხუთი ლექცია წაკითხული შტუტგარტში 1924 წლის 8-11 აპრილს _cრუდოლფ შტაინერი ; [მთარგმნ.: ხ. ნაჭყებია, ა. კვარაცხელია ; მხატვ.: რ. შალამბერიძე]. |
||
| 264 |
_aთბილისი, _c2008. |
||
| 300 |
_a96 გვ.; _b22 სმ. |
||
| 500 | _aპარალელურ.თავფურცელ.გერმანულ ენაზე | ||
| 653 | _aპედაგოგიკა | ||
| 653 | _aბავშვთა ფსიქოლოგია | ||
| 653 | _a სასწავლო-აღმზრდელობითი მუშაობა | ||
| 700 |
_aნაჭყებია, ხ _96656 |
||
| 700 |
_a კვარაცხელია, ა. _eმთარგმნელი _96657 |
||
| 700 |
_aშალამბერიძე, რ. _eმხატვარი _96658 |
||
| 942 |
_cBK _2udc |
||